Desarrollo local /

Đã lưu trong:
Chi tiết về thư mục
Tác giả chính: Palmitesta, Luciano
Định dạng: Texto
Các nhãn: Thêm thẻ
Không có thẻ, Là người đầu tiên thẻ bản ghi này!

MARC

LEADER 00000 a a2200000 04500
001 40274
003
040
100 |a Palmitesta, Luciano  
245 |a Desarrollo local /  |c Luciano Palmitesta  
773 |g volumen33, número59 ( , 2001), páginas 26-41  
999 |c 31924  |d 31924